000 00437nam a2200193Ia 4500
005 20240823042222.0
008 240823s9999||||xx |||||||||||||| ||und||
041 _aENGLISH
082 _A530.12 M9
100 _aBagde.M.K
245 0 _aQuantum Mechanics
250 _a1st
260 _c1989
_b"S.Chand,New Delhi"
500 _aTRANSFERED
650 _aQuantum
_bPhysics
700 _a Singh S P
942 _cBK
999 _c207352
_d207352